Teaching an Artificial Intelligence with Generated Virtual Buildings for Real-World Recognition /

Bibliographic Details
Main Author: Alawadhi, Mohammad S A A M (Author)
Other Authors: Yan, Wei (Thesis advisor)
Format: Thesis eBook
Language:English
Published: [College Station, Texas] : [Texas A&M University], [2023]
Subjects:
Online Access:Link to OAKTrust copy

MARC

Tag First Indicator Second Indicator Subfields
LEADER 00000nam a22000004i 4500
001 in00005468607
008 240826s2023 txu∎∎∎∎ obm 000 0 eng d
006 m fo d
007 cr unu||||||||
005 20240829173514.9
035 |a 1453254222 
040 |a TXA  |c TXA  |b eng  |e rda  |e pn 
035 |a (TxCM)https://hdl.handle.net/1969.1/197969 
099 |a 2022  |a Dissertation 
049 |a TXAM 
100 1 |a Alawadhi, Mohammad S A A M,  |e author. 
245 1 0 |a Teaching an Artificial Intelligence with Generated Virtual Buildings for Real-World Recognition /  |c by Mohammad Alawadhi. 
264 1 |a [College Station, Texas] :  |b [Texas A&M University],  |c [2023] 
300 |a 1 online resource. 
336 |a text  |b txt  |2 rdacontent 
337 |a computer  |b c  |2 rdamedia 
338 |a online resource  |b cr  |2 rdacarrier 
347 |a text file  |b PDF  |2 rda 
500 |a "Major Subject: Architecture" 
500 |a Includes vita. 
502 |b Doctor of Philosophy  |c Texas A&M University  |d 2022  |o https://hdl.handle.net/1969.1/197969 
504 |a Includes bibliographical references. 
516 |a Text (Dissertation) 
520 3 |a This research finds that virtual buildings that are automatically generated using parametric building information modeling (BIM) can provide high-quality training data for teaching an artificial intelligence (AI) to recognize building objects in the real world. Recent developments in AI through deep learning offer a new paradigm and opportunities for the field of architecture, one of which is training deep artificial neural networks (ANNs) for visually understanding the built environment. Teaching AI machines to detect building objects in photos and videos is the foundation toward achieving AI-assisted 3D reconstruction of existing buildings, which would be useful for various applications including site surveys, construction documentation, and performance modeling for green architecture. However, there exists the challenge of acquiring enough training data for machine learning, and this data is typically manually curated and annotated by people, which is time-consuming⁰́₄that is, unless a computer machine can generate high-quality data to train itself for a certain task. In that vein, this research trained ANNs solely on realistic images of 3D building information models that were parametrically and automatically generated. Synthetic data generation methods provide virtually unlimited training data for deep learning. This research investigated a hybrid methodology⁰́₄using BIM and photorealistic rendering⁰́₄for synthesizing training datasets for object recognition in photos instead of manually labeling data. The application of this methodology was studied with photogrammetry for BIM model inference from survey photos. Then, the use of a parametric BIM framework was explored to parametrically generate 3D BIM models for training ANNs to recognize real-world building objects. Afterward, experiments used the resultant synthetic datasets to train various state-of-the-art ANNs which were tested on real-world photos. The outcomes showed that BIM and photorealistic rendering can be used to generate high-quality training data, and that ANNs trained with the synthetic data can be used to identify building objects without using photos in the training data. The testing results demonstrated good semantic segmentation evaluation scores of a parametric BIM-trained ANN which achieved 89.64% average accuracy and 0.517 mean intersection-over-union (mIoU) on a test case. It also achieved over 80% accuracy and over 0.5 mIoU on both hand-picked and randomly sampled sets of arbitrary photos. The results demonstrated generalizability on real-world photos of buildings, which is significant for the future of training AI with generated data for solving real-world architectural problems. The electronic version of this dissertation is accessible from https://hdl.handle.net/1969.1/197969 
588 |a Description from author supplied metadata (automated record created 2023-05-26 13:22:09). 
650 4 |a Major Architecture 
653 |a artificial intelligence (AI) 
653 |a building information modeling (BIM) 
653 |a computer-generated imagery (CGI) 
653 |a deep learning 
653 |a neural network 
653 |a parametric modeling 
653 |a photorealistic rendering 
700 1 |a Yan, Wei,  |e thesis advisor. 
710 2 |a Texas A&M University,  |e degree granting institution. 
856 4 0 |3 Texas A&M University  |u https://hdl.handle.net/1969.1/197969  |z Link to OAKTrust copy  |t 0 
999 f f |s 15454a4c-d368-40d9-b3e0-6ffa5fa9f75b  |i e6c0d72a-e09b-4889-93ba-80853143e7ad  |t 0 
952 f f |a Texas A&M University  |b College Station  |c Electronic Resources  |d Available Online  |t 0 
998 f f |t 0  |l Available Online